[Event "4th 4NCL Easter Congress"]
[Site "Holiday Inn Peterborough - West"]
[Date "2024.03.30"]
[Round "2"]
[Board "10"]
[White "Jordan, Mark A"]
[Black "Webster, Richard J"]
[Result "0-1"]
[WhiteElo "1774"]
[BlackElo "1935"]
[PlyCount "0"]
[EventDate "2024.03.29"]
[EventRounds "7"]
[EventCountry "ENG"]

1. d4 Nf6 2. c4 c5 3. d5 b5 4. cxb5 a6 5. b6 d6 6. Nc3 Qxb6 7. e4 g6 8. Bd3 Bg7 9.
Nge2 O-O 10. h3 Nbd7 11. Rb1 a5 12. Bf4 Ba6 13. O-O Nh5 14. Be3 Ne5 15. Bxa6 Qxa6
16. b3 Rfc8 17. g4 Nf6 18. f4 Nd3 19. Qd2 c4 20. Nd4 cxb3 21. axb3 Nc5 22. e5 Nfe4
23. Nxe4 Nxe4 24. Qg2 Qd3 25. Bf2 Nxf2 26. Qxf2 Qxh3 27. Nc6 Qxg4+ 28. Kh1 Qd7  0-1

[Event "4th 4NCL Easter Congress"]
[Site "Holiday Inn Peterborough - West"]
[Date "2024.03.30"]
[Round "2"]
[Board "11"]
[White "Sugden, Freddie"]
[Black "Obi, Okwose Marc"]
[Result "1/2-1/2"]
[WhiteElo "1715"]
[BlackElo "1844"]
[PlyCount "0"]
[EventDate "2024.03.29"]
[EventRounds "7"]
[EventCountry "ENG"]

1. e4 d5 2. exd5 Qxd5 3. Nc3 Qd6 4. Bc4 Nf6 5. d3 a6 6. Qe2 b5 7. Bb3 Bb7 8. f4 Nbd7
9. Be3 e6 10. O-O-O O-O-O 11. Nf3 g6 12. d4 Bg7 13. Ne5 Rhf8 14. Rhf1 Nd5 15. Ne4
Qe7 16. Bg1 N5b6 17. Nc5 Nxc5 18. dxc5 Bxe5 19. cxb6 Bd6 20. c4 b4 21. bxc7 Qxc7
22. g3 Bc5 23. Bxc5 Qxc5 24. Bc2 Rxd1+ 25. Rxd1 Rd8 26. Rxd8+ Kxd8 27. b3 Qg1+ 28.
Qd1+ Qxd1+ 29. Kxd1 Kc7 30. Kd2 Kd6 31. Ke3 Kc5 32. Be4 Bc8 33. Bg2 f6 34. Bh3 h6
35. Bg4 Bd7 36. Bh3 g5 37. Bg4 f5 38. Bf3 g4 39. Bb7 a5 40. Bg2 a4 41. Bh1 axb3 42.
axb3 h5 43. Bg2 Be8 44. Bh1 Bd7 45. Bg2 Ba4 46. bxa4 Kxc4 47. Bh1  1/2-1/2

[Event "4th 4NCL Easter Congress"]
[Site "Holiday Inn Peterborough - West"]
[Date "2024.03.30"]
[Round "2"]
[Board "12"]
[White "Shivakumar, Akshath"]
[Black "Matthews, Adrian MS"]
[Result "1/2-1/2"]
[WhiteElo "1722"]
[BlackElo "1860"]
[PlyCount "0"]
[EventDate "2024.03.29"]
[EventRounds "7"]
[EventCountry "ENG"]

1. d4 Nf6 2. c4 c5 3. d5 b5 4. cxb5 a6 5. bxa6 Bxa6 6. Nc3 d6 7. e4 Bxf1 8. Kxf1
g6 9. g3 Bg7 10. Kg2 O-O 11. Nf3 Nbd7 12. Re1 Ng4 13. Bf4 Qb6 14. Qd2 Rfb8 15. Re2
Nge5 16. Nxe5 Nxe5 17. Bxe5 Bxe5 18. a3 Qb3 19. Rc1 Rb7 20. Rc2 Rab8 21. Qd3 Qb6
22. Qc4  1/2-1/2

[Event "4th 4NCL Easter Congress"]
[Site "Holiday Inn Peterborough - West"]
[Date "2024.03.30"]
[Round "2"]
[Board "13"]
[White "O'Gorman, Brendan"]
[Black "Dos Santos Silva, Bruno Alexandre"]
[Result "1/2-1/2"]
[WhiteElo "1716"]
[BlackElo "1797"]
[PlyCount "0"]
[EventDate "2024.03.29"]
[EventRounds "7"]
[EventCountry "ENG"]

1. e4 c5 2. Ne2 d6 3. c4 Nf6 4. Nbc3 Nc6 5. d4 cxd4 6. Nxd4 e6 7. Be2 Be7 8. O-O
O-O 9. Be3 a6 10. Qd2 d5 11. cxd5 exd5 12. exd5 Nxd5 13. Nxd5 Qxd5 14. Bf3 Qd7 15.
Nxc6 bxc6 16. Qxd7 Bxd7 17. Rac1 Rac8 18. Rfd1 Be6 19. b3 c5 20. Bb7 Rc7 21. Bxa6
Ra7 22. Bc4 Bxc4 23. Rxc4 Rxa2 24. Bxc5 Bxc5 25. Rxc5 Rb2 26. Rc3 h5 27. h4 Rb8 28.
Rdd3 Re8 29. Rf3 Re7 30. Rc8+ Kh7 31. Rb8 f6 32. b4 Re4 33. g3  1/2-1/2

[Event "4th 4NCL Easter Congress"]
[Site "Holiday Inn Peterborough - West"]
[Date "2024.03.30"]
[Round "2"]
[Board "14"]
[White "Dunkley, Michael"]
[Black "Harris, John"]
[Result "0-1"]
[WhiteElo "1842"]
[BlackElo "1712"]
[PlyCount "0"]
[EventDate "2024.03.29"]
[EventRounds "7"]
[EventCountry "ENG"]

1. Nf3 Nf6 2. d4 g6 3. Nc3 d5 4. Bf4 Bg7 5. e3 O-O 6. Be2 c5 7. Ne5 cxd4 8. exd4
Nc6 9. Nxc6 bxc6 10. Na4 Ne4 11. c3 Re8 12. f3 Nd6 13. O-O e5 14. dxe5 Bxe5 15. Bxe5
Rxe5 16. Bd3 Qh4 17. Qd2 Qxa4  0-1

[Event "4th 4NCL Easter Congress"]
[Site "Holiday Inn Peterborough - West"]
[Date "2024.03.30"]
[Round "2"]
[Board "15"]
[White "Krief, Tom"]
[Black "Dean, Robert A"]
[Result "0-1"]
[WhiteElo "1713"]
[BlackElo "1838"]
[PlyCount "0"]
[EventDate "2024.03.29"]
[EventRounds "7"]
[EventCountry "ENG"]

1. e4 e6 2. d4 d5 3. exd5 exd5 4. Nf3 Bg4 5. h3 Bh5 6. Qe2+ Qe7 7. Be3 Nc6 8. g4
Bg6 9. Ne5 Nxe5 10. dxe5 c6 11. f4 Be4 12. Bg2 Bxg2 13. Qxg2 f6 14. Nc3 fxe5 15.
fxe5 Qxe5 16. Qe2 Nf6 17. O-O-O Bb4 18. Nb1 O-O 19. Qd3 Ne4 20. c3 Ba5 21. Rhe1 Qg3
22. Qc2 Bb6 23. Bxb6 axb6 24. Qb3 Nc5 25. Qc2 Rxa2 26. Rg1 Qe3+ 27. Nd2 Raa8  0-1

[Event "4th 4NCL Easter Congress"]
[Site "Holiday Inn Peterborough - West"]
[Date "2024.03.30"]
[Round "2"]
[Board "16"]
[White "Sengupta, Sohana"]
[Black "Tedd, Bernie"]
[Result "0-1"]
[WhiteElo "1594"]
[BlackElo "1707"]
[PlyCount "0"]
[EventDate "2024.03.29"]
[EventRounds "7"]
[EventCountry "ENG"]

1. e4 d5 2. exd5 Qxd5 3. Nc3 Qa5 4. d4 Nf6 5. Nf3 Bf5 6. Bd2 e6 7. Bc4 Bb4 8. O-O
O-O 9. a3 Bxc3 10. Bxc3 Qb6 11. Bb3 Rd8 12. Qe2 Qa6 13. Rfe1 Qxe2 14. Rxe2 Nc6 15.
Rd1 Bg4 16. Re3 Nd5 17. Bxd5 Rxd5 18. h3 Bxf3 19. Rxf3 e5 20. Rfd3 exd4 21. Bxd4
Rad8 22. Bc3 Rxd3 23. Rxd3 Rxd3 24. cxd3 f6 25. Kf1 Kf7 26. Ke2 Ke6 27. Ke3 Kd5 28.
Kf4 Nd4 29. Ke3 Nc2+ 30. Kd2 Na1 31. Ke3 Nb3 32. Kf4 Nc5 33. Ke3 Na4 34. Bb4 Nxb2
35. Bf8 g6 36. Bg7 Ke6 37. Bf8 Nd1+ 38. Ke2 Nc3+ 39. Kd2 Nb5 40. Bc5 b6 41. Bb4 a5
42. a4 axb4 43. axb5 Kd5 44. Kc2 Kc5 45. Kb3 Kxb5 46. g4 Kc5 47. f4 Kd4 48. Kxb4
Kxd3 49. h4 c5+ 50. Kb3 c4+ 51. Kb2 Kd4  0-1

[Event "4th 4NCL Easter Congress"]
[Site "Holiday Inn Peterborough - West"]
[Date "2024.03.30"]
[Round "2"]
[Board "17"]
[White "Mitchell, Stephen R"]
[Black "Denning, Julie L"]
[Result "1-0"]
[WhiteElo "1932"]
[BlackElo "1757"]
[PlyCount "0"]
[EventDate "2024.03.29"]
[EventRounds "7"]
[EventCountry "ENG"]

1. d4 d5 2. Bg5 Bf5 3. c4 Nf6 4. Nc3 e6 5. Qb3 Nc6 6. Nf3 Nb4 7. Rc1 dxc4 8. Qa4+
Qd7 9. Qxd7+ Nxd7 10. e4 Bg4 11. Bxc4 Bxf3 12. gxf3 a6 13. a3 Nc6 14. Be3 Na5 15.
Ba2 c5 16. dxc5 Bxc5 17. Bxc5 Nxc5 18. Ke2 Nc6 19. Nd5 exd5 20. Rxc5 dxe4 21. fxe4
O-O 22. Bd5 Rfe8 23. Ke3 Re7 24. Bxc6 Rc8 25. Rhc1 Rec7 26. b4 bxc6 27. Ra5 Ra8 28.
Rd1 g6 29. Rd6 Kf8 30. Kd4 h5 31. Kc5 Re7 32. Kd4 Rc7 33. f4 Ke7 34. Kc5 h4 35. h3
f6 36. e5 fxe5 37. fxe5 Kf7 38. Kb6 Rac8 39. Rc5 g5 40. Rd4 Kg6 41. Rg4 Rf7 42. e6
Re7 43. Rcxg5 Kf6 44. Rg6 Kf5 45. R4g5+ Ke4 46. Rh5 Kd3 47. Rxh4  1-0

[Event "4th 4NCL Easter Congress"]
[Site "Holiday Inn Peterborough - West"]
[Date "2024.03.30"]
[Round "2"]
[Board "18"]
[White "Towers, Brian"]
[Black "Watkinson, Phil K"]
[Result "0-1"]
[WhiteElo "1824"]
[BlackElo "1744"]
[PlyCount "0"]
[EventDate "2024.03.29"]
[EventRounds "7"]
[EventCountry "ENG"]

1. d4 d5 2. Nc3 Nf6 3. Bf4 c5 4. e3 a6 5. a3 cxd4 6. exd4 Bf5 7. Bd3 Bg6 8. Nf3 e6
9. O-O Nc6 10. h3 Be7 11. Re1 Bxd3 12. Qxd3 O-O 13. Rad1 b5 14. Ne5 Nxe5 15. dxe5
Nd7 16. Qg3 Kh8 17. Nb1 Nb6 18. Nd2 Qc7 19. c3 a5 20. Rc1 Rfc8 21. Nb3 Nc4 22. Re2
Nxb2 23. Rxb2 Bxa3 24. Rbc2 Bxc1 25. Rxc1 a4 26. Nd4 Qc4 27. Bd2 b4  0-1

[Event "4th 4NCL Easter Congress"]
[Site "Holiday Inn Peterborough - West"]
[Date "2024.03.30"]
[Round "2"]
[Board "19"]
[White "Morrish, John"]
[Black "Lawrence, Simon"]
[Result "1/2-1/2"]
[WhiteElo "1840"]
[BlackElo "1731"]
[PlyCount "0"]
[EventDate "2024.03.29"]
[EventRounds "7"]
[EventCountry "ENG"]

1. e4 e6 2. b3 b6 3. Bb2 Bb7 4. d3 c5 5. f4 d5 6. Nd2 Nf6 7. e5 Nfd7 8. Qg4 Nc6 9.
Rc1 g6 10. Ngf3 Be7 11. Be2 h6 12. h4 Qc7 13. d4 O-O-O 14. c4 Kb8 15. cxd5 exd5 16.
f5 gxf5 17. Qxf5 Rhg8 18. Rg1 Rg6 19. Nf1 Rdg8 20. Ne3 Qd8 21. Qf4 Ka8 22. g4 Bxh4+
23. Kd2 Bf2 24. Rg2 Bxe3+ 25. Kxe3 Qe7 26. Bd3 R6g7 27. Bf5 cxd4+ 28. Bxd4 Nxd4 29.
Qxd4 Nc5 30. Rh1 Ne6 31. Qd3 Qc5+ 32. Nd4 Nxd4 33. Qxd4 Qxd4+ 34. Kxd4 Rh8 35. Rgh2
 1/2-1/2

[Event "4th 4NCL Easter Congress"]
[Site "Holiday Inn Peterborough - West"]
[Date "2024.03.30"]
[Round "2"]
[Board "20"]
[White "Veselov, Ivan"]
[Black "Kocan, Barry A"]
[Result "1-0"]
[WhiteElo "1806"]
[BlackElo "1719"]
[PlyCount "0"]
[EventDate "2024.03.29"]
[EventRounds "7"]
[EventCountry "ENG"]

1. e4 c5 2. Nc3 Nc6 3. f4 d6 4. Nf3 g6 5. Bc4 Bg7 6. O-O a6 7. a4 Bg4 8. Bxf7+ Kxf7
9. Ng5+ Ke8 10. Qxg4 Bxc3 11. bxc3 Nh6 12. Qh3 Nf7 13. d3 Nxg5 14. fxg5 Qc8 15. Qh6
Qe6 16. Bd2 Kd7 17. Qh3 Qxh3 18. gxh3 Rhf8 19. Rab1 Rxf1+ 20. Rxf1 Ke6 21. Rb1 Rb8
22. Kg2 Kd7 23. Kg3 Ke6 24. Bf4 b6 25. h4 Rb7 26. Kg4 Kd7 27. h5 e5 28. Be3 Ke6 29.
hxg6 hxg6 30. h4 Kf7 31. h5 gxh5+ 32. Kxh5 Kg7 33. g6 Nd8 34. Bh6+ Kg8 35. Kg5 b5
36. Rf1 Ne6+ 37. Kf6 Ng7 38. axb5 axb5 39. Ra1 Ne8+ 40. Ke6 Rb8 41. Ra7 Rc8 42. Rf7
Nc7+ 43. Kd7 Ra8 44. Kxc7  1-0

[Event "4th 4NCL Easter Congress"]
[Site "Holiday Inn Peterborough - West"]
[Date "2024.03.30"]
[Round "2"]
[Board "21"]
[White "Sisupalan, Beni"]
[Black "Webster, Vivien"]
[Result "1-0"]
[WhiteElo "1705"]
[BlackElo "1766"]
[PlyCount "0"]
[EventDate "2024.03.29"]
[EventRounds "7"]
[EventCountry "ENG"]

1. e4 b6 2. d4 Bb7 3. Bd3 d5 4. e5 e6 5. c3 Nd7 6. f4 Ne7 7. Qg4 h5 8. Qh3 c5 9.
Nf3 cxd4 10. cxd4 Rc8 11. Nc3 Nc6 12. O-O Nb4 13. Be2 Be7 14. g4 h4 15. f5 exf5 16.
gxf5 f6 17. Qg4 Kf8 18. e6 Nb8 19. Nxh4 Nc2 20. Ng6+ Kg8 21. Nxh8 Nxd4 22. Nf7 Nxe2+
23. Qxe2 Bc5+ 24. Be3 Qe7 25. Bxc5 Qxc5+ 26. Qf2 d4 27. Ne2 Qd5 28. Ng3 d3 29. Rac1
Nc6 30. Qd2 Qd4+ 31. Rf2 Na5 32. Rxc8+ Bxc8 33. Qc3 Qxc3 34. bxc3 Nc4 35. Ne4 Bb7
36. Nd2  1-0

[Event "4th 4NCL Easter Congress"]
[Site "Holiday Inn Peterborough - West"]
[Date "2024.03.30"]
[Round "2"]
[Board "22"]
[White "Willow, Hambel M"]
[Black "Hu, Junyan"]
[Result "1-0"]
[WhiteElo "1766"]
[BlackElo "1704"]
[PlyCount "0"]
[EventDate "2024.03.29"]
[EventRounds "7"]
[EventCountry "ENG"]

1. d4 Nf6 2. c4 e6 3. Nc3 Bb4 4. Qc2 O-O 5. Bg5 d5 6. e3 Nbd7 7. Nf3 c6 8. Bd3 h6
9. Bh4 Qa5 10. O-O Bxc3 11. bxc3 dxc4 12. Bxc4 b5 13. Bd3 Nd5 14. Rac1 Ba6 15. Bg3
Rfd8 16. e4 N5b6 17. Nd2 Nc4 18. Nb3 Qb6 19. Qe2 c5 20. f4 cxd4 21. Nxd4 Nc5 22.
Bxc4 bxc4 23. Rb1 Qc7 24. f5 e5 25. f6 g6 26. Qg4 Na4 27. Nf5 Kh7 28. Bf2 Bc8 29.
Be3 g5 30. Rf3 Qc6 31. Qh5 Qxf6 32. Nxh6 Bg4 33. Nxg4+ Kg7 34. Rxf6 Rf8 35. Qxg5+
Kh7 36. Rh6#  1-0

[Event "4th 4NCL Easter Congress"]
[Site "Holiday Inn Peterborough - West"]
[Date "2024.03.30"]
[Round "3"]
[Board "1"]
[White "Taylor, Robert K"]
[Black "Graham, Oliver"]
[Result "1/2-1/2"]
[WhiteElo "1914"]
[BlackElo "1884"]
[PlyCount "0"]
[EventDate "2024.03.29"]
[EventRounds "7"]
[EventCountry "ENG"]

1. e4 e5 2. d4 exd4 3. Qxd4 Nc6 4. Qe3 d6 5. Bd2 Nf6 6. Nc3 a6 7. h3 Be6 8. Nd5 Be7
9. Nf4 Bd7 10. g4 h6 11. Nf3 Ne5 12. O-O-O Nxf3 13. Qxf3 Bc6 14. Nd5 Qd7 15. Bd3
O-O-O 16. Bc3 Bxd5 17. exd5 Kb8 18. Rde1 Rde8 19. Re2 Bd8 20. Rhe1 Rxe2 21. Rxe2
Re8 22. a3 Rxe2 23. Bxe2 Ne8 24. Kb1 Bf6 25. Bd2 Bd4 26. Qf4 Bc5 27. Bc3 Qe7 28.
Bd3 Ka8 29. Ka2 Kb8 30. h4 Ka8 31. h5 Kb8 32. b3 Ka8 33. Kb2  1/2-1/2

[Event "4th 4NCL Easter Congress"]
[Site "Holiday Inn Peterborough - West"]
[Date "2024.03.30"]
[Round "3"]
[Board "2"]
[White "Jackson, Gary C"]
[Black "Honarvarmahalati, Hooman"]
[Result "1-0"]
[WhiteElo "1864"]
[BlackElo "1764"]
[PlyCount "0"]
[EventDate "2024.03.29"]
[EventRounds "7"]
[EventCountry "ENG"]

1. e4 c6 2. d4 d5 3. Nd2 g6 4. Ngf3 Bg7 5. c3 a5 6. Bd3 dxe4 7. Nxe4 Nf6 8. O-O O-O
9. Re1 Nbd7 10. Ng3 Re8 11. Bc2 b5 12. a4 Nb6 13. axb5 cxb5 14. Bb3 a4 15. Ba2 e6
16. Ne5 Nfd5 17. Qf3 Qf6 18. Qd3 Ba6 19. Ne4 Qd8 20. Nc5 Qc8 21. Qf3 Re7 22. h4 f6
23. Ned3 Bb7 24. Nxb7 Qxb7 25. Nc5 Qc6 26. Bd2 Rae8 27. h5 g5 28. Re2 Kh8 29. Rae1
h6 30. Bb1 f5 31. g4 fxg4 32. Qe4 Kg8 33. Qg6 Nf6 34. Nd3 Rf8 35. Ne5 Qe8 36. Bd3
b4 37. c4 g3 38. fxg3 Qb8 39. Bxb4 Nbd5 40. Ba3 Qb6 41. Bc5 Qb7 42. cxd5 Qxd5 43.
Be4 Qb3 44. Kg2 Nxe4 45. Qxe4 Ree8 46. Bxf8 Rxf8 47. Ng6 Rf6 48. Qa8+ Kh7 49. Ne7
Rf8  1-0

[Event "4th 4NCL Easter Congress"]
[Site "Holiday Inn Peterborough - West"]
[Date "2024.03.30"]
[Round "3"]
[Board "3"]
[White "Webster, Richard J"]
[Black "Kaszuba, Adrian"]
[Result "1/2-1/2"]
[WhiteElo "1935"]
[BlackElo "1870"]
[PlyCount "0"]
[EventDate "2024.03.29"]
[EventRounds "7"]
[EventCountry "ENG"]

1. d4 f5 2. g3 Nf6 3. Bg2 g6 4. c4 Bg7 5. Nc3 O-O 6. Nh3 d6 7. O-O c6 8. b4 Be6 9.
Qd3 Kh8 10. Bb2 Na6 11. a3 Nc7 12. Rac1 Qd7 13. Ng5 Bg8 14. f4 d5 15. c5  1/2-1/2

[Event "4th 4NCL Easter Congress"]
[Site "Holiday Inn Peterborough - West"]
[Date "2024.03.30"]
[Round "3"]
[Board "4"]
[White "Siu, Kam Wa"]
[Black "Burton, Sean"]
[Result "1/2-1/2"]
[WhiteElo "1825"]
[BlackElo "1827"]
[PlyCount "0"]
[EventDate "2024.03.29"]
[EventRounds "7"]
[EventCountry "ENG"]

1. e4 c5 2. c3 Nf6 3. e5 Nd5 4. d4 cxd4 5. cxd4 Nc6 6. Nc3 Nxc3 7. bxc3 d6 8. f4
Bf5 9. d5 Nb8 10. Qb3 Qc8 11. Nf3 e6 12. Nd4 a6 13. Nxf5 exf5 14. e6 fxe6 15. dxe6
Be7 16. Bd3 O-O 17. O-O Qc5+ 18. Kh1 d5 19. a4 Nc6 20. Ba3 Qe3 21. Bxe7 Nxe7 22.
Qxb7 Qxd3 23. Qxe7 Rae8 24. Qd7 Rd8 25. Qa7 Rde8 26. Rad1 Qc4 27. Qd4 Qxd4 28. Rxd4
Rxe6 29. Rxd5 Re4 30. Ra5 Rc4 31. Rxa6 Rxc3 32. g3 Rc2 33. Kg1 Rd8 34. Rf2 Rdd2 35.
Rxd2 Rxd2 36. h4 g6 37. a5 Ra2 38. Ra8+ Kg7 39. Ra7+ Kh6 40. a6 Ra3 41. Kf2 Ra2+
42. Ke3 Ra3+ 43. Kd4 Rxg3 44. Re7 Ra3 45. a7 Ra5 46. Kc4 Kh5 47. Rxh7+ Kg4 48. Kb4
Ra1 49. Kb5 Kxf4 50. Kb6 Kg4 51. Rg7 f4 52. Rxg6+ Kxh4 53. Kb7 Rxa7+ 54. Kxa7 f3
 1/2-1/2

[Event "4th 4NCL Easter Congress"]
[Site "Holiday Inn Peterborough - West"]
[Date "2024.03.30"]
[Round "3"]
[Board "5"]
[White "Dean, Robert A"]
[Black "Lawrence, Spencer"]
[Result "1-0"]
[WhiteElo "1838"]
[BlackElo "1789"]
[PlyCount "0"]
[EventDate "2024.03.29"]
[EventRounds "7"]
[EventCountry "ENG"]

1. e4 e6 2. d4 d5 3. Nd2 c5 4. exd5 Qxd5 5. Ngf3 cxd4 6. Bc4 Qd8 7. O-O Nf6 8. Nb3
Be7 9. Nbxd4 O-O 10. Re1 Qc7 11. Bb3 Rd8 12. c3 Nc6 13. Qe2 Nxd4 14. Nxd4 Bf8 15.
Bg5 Qa5 16. Bxf6 gxf6 17. Qf3 Qg5 18. Bc2 Bc5 19. Nb3 Bb6 20. Rad1 e5 21. Rxd8+ Bxd8
22. Qd3 Be6 23. Qxh7+ Kf8 24. Rd1 Bb6 25. Qh8+ Qg8 26. Qxf6 Re8 27. Qh6+ Ke7 28.
Qh4+ Kf8 29. Rd3 Qg6 30. Qb4+  1-0

[Event "4th 4NCL Easter Congress"]
[Site "Holiday Inn Peterborough - West"]
[Date "2024.03.30"]
[Round "3"]
[Board "6"]
[White "Tedd, Bernie"]
[Black "Harris, John"]
[Result "1/2-1/2"]
[WhiteElo "1707"]
[BlackElo "1712"]
[PlyCount "0"]
[EventDate "2024.03.29"]
[EventRounds "7"]
[EventCountry "ENG"]

1. e4 g6 2. f4 Bg7 3. Nf3 d5 4. exd5 Nf6 5. Bb5+ Nbd7 6. c4 O-O 7. Ba4 Nb6 8. Bb3
e6 9. dxe6 Bxe6 10. d3 Bf5 11. d4 Re8+ 12. Ne5 Ng4 13. O-O Qh4 14. Nf3 Qh5 15. h3
Ne3 16. Bxe3 Rxe3 17. Ne5 Qh4 18. Qd2 Rg3 19. Nf3 Qxh3 20. Nc3 Bd3 21. Rf2 Bxc4 22.
Bxc4 Nxc4 23. Qe2 Nd6 24. Ne4 Nxe4 25. Qxe4 c6 26. Qe7 Rxg2+ 27. Rxg2 Qxf3 28. Qe2
Bxd4+ 29. Kh1 Qh3+ 30. Rh2 Qg3  1/2-1/2

[Event "4th 4NCL Easter Congress"]
[Site "Holiday Inn Peterborough - West"]
[Date "2024.03.30"]
[Round "3"]
[Board "7"]
[White "Royle, Alex"]
[Black "Macphail, Kieran"]
[Result "1/2-1/2"]
[WhiteElo "1842"]
[BlackElo "1795"]
[PlyCount "0"]
[EventDate "2024.03.29"]
[EventRounds "7"]
[EventCountry "ENG"]

1. d4 Nf6 2. c4 e6 3. g3 Bb4+ 4. Bd2 Be7 5. Bg2 d5 6. Qc2 O-O 7. Nf3 c6 8. O-O Nbd7
9. b3 b6 10. Bf4 Ba6 11. Ne5 Rc8 12. cxd5 Nxd5 13. Rd1 c5 14. Qb2 cxd4 15. Qxd4 Bxe2
16. Re1 Bc5 17. Qd2 Bh5 18. Bxd5 exd5 19. Nc3 Bb4 20. Rec1 Nxe5 21. Bxe5 f6 22. Bd4
Re8 23. a3 Bxc3 24. Rxc3 Re2 25. Qd3 Rxc3 26. Bxc3 Re8 27. a4 Bg6 28. Qd2 Qd7 29.
a5 Be4 30. Re1 Bg6 31. Rxe8+ Bxe8 32. axb6 axb6 33. Qe3 b5 34. Qc5 Qc6 35. Qxc6 Bxc6
36. f3 d4 37. Bxd4 Bxf3 38. Kf2 Bd1 39. b4 Kf7 40. Ke3 Ke6 41. h4 Kf5 42. Kf2 g6
43. Kg2 g5 44. hxg5 fxg5 45. Bc5 h5 46. Be7 h4 47. gxh4 Ke5  1/2-1/2

[Event "4th 4NCL Easter Congress"]
[Site "Holiday Inn Peterborough - West"]
[Date "2024.03.30"]
[Round "3"]
[Board "8"]
[White "Tart, Peter K"]
[Black "Shivakumar, Akshath"]
[Result "1-0"]
[WhiteElo "1903"]
[BlackElo "1722"]
[PlyCount "0"]
[EventDate "2024.03.29"]
[EventRounds "7"]
[EventCountry "ENG"]

1. e4 e6 2. Qe2 Ne7 3. d4 d5 4. exd5 Nxd5 5. Nf3 Be7 6. g3 Nc6 7. Bg2 a6 8. O-O O-O
9. c4 Nf6 10. Rd1 Re8 11. b3 Bd7 12. Ne5 Rb8 13. Nc3 Bb4 14. Bb2 Na7 15. Ne4 Nxe4
16. Bxe4 f5 17. Bg2 Bd6 18. d5 Bxe5 19. Qxe5 Qe7 20. Qxc7 exd5 21. Bxd5+ Be6 22.
Bxe6+ Kh8 23. Rd7 Qxe6 24. Rxg7 Re7 25. Rxe7+ Kg8 26. Re8+ Rxe8 27. Qg7#  1-0

[Event "4th 4NCL Easter Congress"]
[Site "Holiday Inn Peterborough - West"]
[Date "2024.03.30"]
[Round "3"]
[Board "9"]
[White "Obi, Okwose Marc"]
[Black "Willow, Hambel M"]
[Result "0-1"]
[WhiteElo "1844"]
[BlackElo "1766"]
[PlyCount "0"]
[EventDate "2024.03.29"]
[EventRounds "7"]
[EventCountry "ENG"]

1. e4 c6 2. d4 d5 3. e5 Bf5 4. h4 h5 5. Bd3 Bxd3 6. Qxd3 e6 7. Bg5 Be7 8. Nf3 c5
9. c4 Nc6 10. cxd5 Qxd5 11. Nc3 Qd7 12. O-O-O cxd4 13. Nb5 Nb4 14. Qf1 Rc8+ 15. Kb1
Qd5 16. b3 Qe4+ 17. Ka1 Rc2 18. Rd2 Rxd2 19. Bxd2 Qc2 20. Qb1 d3 21. Qxc2 Nxc2+ 22.
Kb2 a6 23. Nd6+ Bxd6 24. exd6 Nf6 25. Ne5 Ne4 26. d7+ Ke7 27. Ba5 Nxf2 28. Rf1 Ne3
29. Rc1 Nc2 30. d8=Q+ Rxd8 31. Bxd8+ Kxd8 32. Kc3 Nb4 33. Ra1 Nd5+ 34. Kd2 Nb4 35.
Nxf7+ Ke7 36. Rf1 Ne4+ 37. Ke3 Ng3 38. Rc1 Nf5+ 39. Kd2 Kxf7 40. a3 Nc6 41. Kxd3
Nxh4 42. Rc2 Nf5 43. b4 Ke7 44. Ke4 Nd6+ 45. Kf4 Kf6 46. Rd2 g5+ 47. Kf3 Ne5+ 48.
Ke2 Ndc4 49. Ra2 Kf5 50. a4 Kf4 51. b5 axb5 52. axb5 Kg3 53. Kf1 Ng4 54. Ra7 b6 55.
Rg7 e5 56. Rxg5 h4 57. Rg6 e4 58. Ke2 Kf4 59. Rc6 Nge5 60. Rh6 Kg3 61. Kf1 Ne3+ 62.
Kg1 Nxg2 63. Rxb6 e3 64. Kf1 h3 65. Rh6 Nc4 66. b6 Nxb6 67. Rxb6 Nh4 68. Kg1 e2 69.
Rb1 e1=Q+ 70. Rxe1 Nf3+ 71. Kh1 Nxe1 72. Kg1 Nd3  0-1

[Event "4th 4NCL Easter Congress"]
[Site "Holiday Inn Peterborough - West"]
[Date "2024.03.30"]
[Round "3"]
[Board "10"]
[White "Matthews, Adrian MS"]
[Black "Meredith, Daniel"]
[Result "1-0"]
[WhiteElo "1860"]
[BlackElo "1670"]
[PlyCount "0"]
[EventDate "2024.03.29"]
[EventRounds "7"]
[EventCountry "ENG"]

1. e4 c5 2. Nf3 d6 3. c3 Nf6 4. h3 Nc6 5. Bd3 g6 6. Bc2 Bg7 7. O-O O-O 8. Re1 b5
9. d3 a5 10. Nbd2 Nd7 11. Nf1 Nb6 12. Ne3 b4 13. Bd2 a4 14. Nd5 a3 15. b3 Nxd5 16.
exd5 bxc3 17. Bg5 Ne5 18. Nxe5 Bxe5 19. f4 Bd4+ 20. Kh2 Re8 21. Qf3 Bb7 22. f5 Bg7
23. Re2 Qd7 24. Rae1 f6 25. fxg6 hxg6 26. Re6 fxg5 27. d4 Rf8 28. Qe4 Rf7 29. Qxg6
Bxd5 30. R6e2 Re8 31. Qxg5 cxd4 32. Qxd5 Kf8 33. Bg6 Be5+ 34. Rxe5  1-0

[Event "4th 4NCL Easter Congress"]
[Site "Holiday Inn Peterborough - West"]
[Date "2024.03.30"]
[Round "3"]
[Board "11"]
[White "Dos Santos Silva, Bruno Alexandre"]
[Black "Sugden, Freddie"]
[Result "0-1"]
[WhiteElo "1797"]
[BlackElo "1715"]
[PlyCount "0"]
[EventDate "2024.03.29"]
[EventRounds "7"]
[EventCountry "ENG"]

1. d4 Nf6 2. Nc3 g6 3. Bf4 Bg7 4. e4 d6 5. Qd2 O-O 6. O-O-O c6 7. Bh6 b5 8. f3 Qa5
9. Bxg7 Kxg7 10. Kb1 b4 11. Nce2 c5 12. Nc1 Nc6 13. Nb3 Qb6 14. e5 dxe5 15. dxc5
Qc7 16. Bd3 a5 17. Ne2 a4 18. Nbc1 Ra5 19. h4 h5 20. g4 Rxc5 21. Ng3 Rh8 22. gxh5
Nxh5 23. Ne4 Ra5 24. Rdg1 f6 25. Qg2 Rh6 26. Nf2 Nf4 27. Qg3 Nd4 28. Ng4 Nxd3 29.
cxd3 Qc2+ 30. Ka1 Nb3+ 31. Nxb3 axb3  0-1

[Event "4th 4NCL Easter Congress"]
[Site "Holiday Inn Peterborough - West"]
[Date "2024.03.30"]
[Round "3"]
[Board "12"]
[White "Watkinson, Phil K"]
[Black "Bowers, Francis J"]
[Result "0-1"]
[WhiteElo "1744"]
[BlackElo "1828"]
[PlyCount "0"]
[EventDate "2024.03.29"]
[EventRounds "7"]
[EventCountry "ENG"]

1. d4 Nf6 2. c4 c5 3. d5 b5 4. cxb5 a6 5. Nc3 axb5 6. e4 b4 7. Nb5 d6 8. Bf4 Nbd7
9. Bc4 Nb6 10. b3 Ba6 11. Qe2 Nxc4 12. bxc4 Bxb5 13. cxb5 Qa5 14. Bd2 Qa3 15. Nf3
g6 16. O-O Bg7 17. Bc1 Qa4 18. Bb2 O-O 19. Rfd1 Rab8 20. e5 dxe5 21. Nxe5 Qxb5 22.
Qc2 Rfc8 23. a4 bxa3 24. Bxa3 Qb7 25. d6 exd6 26. Rxd6 Qe7 27. Nc4 Ne8 28. Rad1 Nxd6
29. Nxd6 Rc6 30. Nc4 Bd4 31. Kf1 Qf6 32. Bc1 Rb4 33. Ne3 Rd6 34. Ng4 Qh4 35. h3 Re6
36. Qa2 Qd8 37. Qa7 Re7 38. Qxc5 Rb1 39. Qc2 Reb7 40. Be3 Rxd1+ 41. Qxd1 Rd7 42.
Qf3 Bg7 43. g3 Rd1+ 44. Kg2 Qd5 45. h4 Rg1+  0-1

[Event "4th 4NCL Easter Congress"]
[Site "Holiday Inn Peterborough - West"]
[Date "2024.03.30"]
[Round "3"]
[Board "13"]
[White "White, Nicholas E"]
[Black "Wheeler, Tim"]
[Result "0-1"]
[WhiteElo "1729"]
[BlackElo "1813"]
[PlyCount "0"]
[EventDate "2024.03.29"]
[EventRounds "7"]
[EventCountry "ENG"]

1. d4 Nf6 2. Nf3 g6 3. Bf4 c5 4. dxc5 Na6 5. e3 Nxc5 6. Nc3 d6 7. Bc4 Be6 8. Bb5+
Bd7 9. Bc4 Ne6 10. Ng5 Nxg5 11. Bxg5 Bg7 12. e4 Qa5 13. Bd2 Qc5 14. Be2 Rc8 15. O-O
O-O 16. Be3 Qa5 17. Rb1 Be6 18. Bd2 Qe5 19. Bf3 b5 20. Be3 b4 21. Nd5 Nxd5 22. exd5
Bf5 23. c3 bxc3 24. bxc3 Bxb1 25. Qxb1 Qxc3 26. Rc1 Qa5 27. Rd1 Rb8 28. Qe4 Rfe8
29. h4 Rb4 30. Bd4 Rxd4 31. Rxd4 Bxd4 32. Qxd4 Qe1+ 33. Kh2 Qe5+ 34. Qxe5 dxe5 35.
Bd1 Rb8 36. Bb3 Kf8 37. Kg3 Rb4 38. f3 h5 39. Kh3 f5 40. Kg3 Kg7 41. Kh3 Kf6 42.
Kg3 a5 43. Bd1 Rd4 44. Bb3 a4 45. Bc2 a3 46. Bb3 Rb4 47. d6  0-1